000 00541nam a2200181 i 4500
001 125363
003 ES-MaACL
005 20230906192619.0
007 t|
008 070606s1931 sp ||||1| spa d
100 1 _aVerdaguer, Joaquín.
_9114000
245 1 3 _aEl arte de fumar en pipa /
_cJaoquín Verdaguer ; dibujos de J. Pons Frau.
260 _aPalma de Mallorca :
_bGuasp,
_c1931.
300 _aXIV, 135 p. :
_bil. ;
_c22 cm.
650 4 _aPipas para tabaco.
_916095
700 1 _aPons Frau, J.
_993012
852 _aES-MaACL
_jA-253
999 _c125363
_d125363